Boridovanie a štúdium štruktúry boridovaných liatin

Gespeichert in:
Bibliographische Detailangaben
1. Verfasser: Ondrejička, Adam (Verfasst von)
Weitere Verfasser: Hudáková, Mária (Betreuung Doktorarbeit)
Format: Manuskript Buch
Sprache:Slowakisch
Veröffentlicht: 2019
Schlagworte:
Online-Zugang:http://is.stuba.sk/zp/portal_zp.pl?podrobnosti=153172
Tags: Tag hinzufügen
Keine Tags, Fügen Sie das erste Tag hinzu!

MARC

LEADER 00000ntm a22000003a 4500
001 stuzp73599
003 SK-STU
005 20190622211257.7
007 ta
008 150427s2015----xo-----f-mn---000-0-slo-d
040 |a STU  |b slo 
041 0 |a slo 
100 1 |a Ondrejička, Adam  |u 061000  |4 aut  |U MTF Materiálovotechnologická fakulta  |T MTF Ústav materiálov  |X 82558  |U M1000  |Y 81  |7 82558 
242 0 1 |a Boronizing and study of structure of borided cast iron  |y eng 
245 1 0 |a Boridovanie a štúdium štruktúry boridovaných liatin 
260 |c 2019 
650 4 |a Boridovanie  |2 slo 
650 4 |a Liatiny  |2 slo 
650 4 |a Mikrotvrdosť  |2 slo 
650 4 |a Mikroštruktúra  |2 slo 
650 4 |a Grafit  |2 slo 
650 4 |a Microhardness  |2 eng 
650 4 |a Cast iron  |2 eng 
650 4 |a Graphite  |2 eng 
650 4 |a Boronizing  |2 eng 
650 4 |a Microstructure  |2 eng 
700 1 |a Hudáková, Mária  |u 061000  |k Z1  |4 ths  |U MTF Materiálovotechnologická fakulta  |T MTF Ústav materiálov  |X 2754  |U M1000  |Y 81  |7 A000002754 
856 4 |u http://is.stuba.sk/zp/portal_zp.pl?podrobnosti=153172 
996 |c M* BP-8505  |l MMSKP  |s P  |a 0  |w stuzp73599_0001